<?xml version="1.0" encoding="UTF-8"?>
<record
    xmlns:xsi="http://www.w3.org/2001/XMLSchema-instance"
    xsi:schemaLocation="http://www.loc.gov/MARC21/slim http://www.loc.gov/standards/marcxml/schema/MARC21slim.xsd"
    xmlns="http://www.loc.gov/MARC21/slim">

  <leader>01057    a2200217   4500</leader>
  <controlfield tag="001">125459</controlfield>
  <datafield tag="020" ind1=" " ind2=" ">
    <subfield code="a">9788521314400</subfield>
  </datafield>
  <datafield tag="040" ind1=" " ind2=" ">
    <subfield code="c">Escola Canadense de Niteroi</subfield>
  </datafield>
  <datafield tag="090" ind1=" " ind2=" ">
    <subfield code="a">VAG-A5</subfield>
  </datafield>
  <datafield tag="100" ind1=" " ind2=" ">
    <subfield code="a">Haselhurst, Maureen</subfield>
  </datafield>
  <datafield tag="245" ind1="1" ind2="0">
    <subfield code="a">A Contadora De Hist&#xF3;rias</subfield>
  </datafield>
  <datafield tag="250" ind1=" " ind2=" ">
    <subfield code="a">1.ed.</subfield>
  </datafield>
  <datafield tag="260" ind1=" " ind2=" ">
    <subfield code="a">S&#xE3;o Paulo</subfield>
  </datafield>
  <datafield tag="300" ind1=" " ind2=" ">
    <subfield code="b">il.</subfield>
    <subfield code="c">4 x 25.4 x 1.02 cm</subfield>
  </datafield>
  <datafield tag="362" ind1="0" ind2=" ">
    <subfield code="a">2009</subfield>
  </datafield>
  <datafield tag="520" ind1=" " ind2=" ">
    <subfield code="a">Com lindas ilustra&#xE7;&#xF5;es, este livro conta a hist&#xF3;ria de uma cidade onde havia uma contadora de hist&#xF3;rias. Ela se chamava Tiquetaque e estava sempre muito apressada, porque todas as crian&#xE7;as queriam ouvir uma hist&#xF3;ria ao mesmo tempo. Um dia Tiquetaque teve uma ideia que iria resolver para sempre seu problema e o das crian&#xE7;as. Al&#xE9;m da hist&#xF3;ria divertida, o livro traz uma s&#xE9;rie de atividades que podem ser desenvolvidas por pais e professores junto &#xE0;s crian&#xE7;as, e que v&#xE3;o estimular a criatividade e ajudar a aprimorar a leitura e criar o h&#xE1;bito de ler.</subfield>
  </datafield>
  <datafield tag="650" ind1=" " ind2="4">
    <subfield code="a">Imagina&#xE7;&#xE3;o</subfield>
  </datafield>
  <datafield tag="650" ind1=" " ind2="4">
    <subfield code="a">Kindergarten's Literature</subfield>
  </datafield>
  <datafield tag="650" ind1=" " ind2="4">
    <subfield code="a">Leitura</subfield>
  </datafield>
  <datafield tag="942" ind1=" " ind2=" ">
    <subfield code="c">BK</subfield>
  </datafield>
  <datafield tag="952" ind1=" " ind2=" ">
    <subfield code="0">0</subfield>
    <subfield code="1">0</subfield>
    <subfield code="4">0</subfield>
    <subfield code="7">0</subfield>
    <subfield code="a">80.1</subfield>
    <subfield code="b">80.1</subfield>
    <subfield code="d">2024-02-09</subfield>
    <subfield code="l">0</subfield>
    <subfield code="o">VAG-A5</subfield>
    <subfield code="p">A06465</subfield>
    <subfield code="r">2024-02-09 21:22:08</subfield>
    <subfield code="w">2024-02-09</subfield>
    <subfield code="y">BK</subfield>
  </datafield>
  <datafield tag="999" ind1=" " ind2=" ">
    <subfield code="c">125459</subfield>
    <subfield code="d">125459</subfield>
  </datafield>
</record>
